Capitales du Monde. Niveau: MOYEN - Statistiques

Statistiques générales
  • Ce quiz a été pris 276 fois
  • Le résultat moyen est 13 sur 15
Statistiques - réponses
Pays Capitales % Correct
Grèce Athènes
99%
Portugal Lisbonne
99%
Suisse Berne
95%
Argentine Buenos Aires
95%
Finlande Helsinki
92%
Suède Stockholm
91%
Autriche Vienne
90%
Danemark Copenhague
88%
Roumanie Bucarest
84%
République Tchèque Prague
83%
Thaïlande Bangkok
80%
Chili Santiago
74%
Indonésie Jakarta
73%
Nouvelle-Zélande Wellington
72%
Malaisie Kuala Lumpur
63%
Aucun quiz correspondant
Distribution des résultats
% des personnes avec chaque résultat
Percentile par nombre de réponses
Votre historique - résultats
Vous n’avez pas pris ce quiz